000 00565nam a2200181Ia 4500
008 240729s9999 xx 000 0 und d
022 _a2691-6657
245 0 _aPeerJ Materials Science
260 _aUnited States
260 _bPeerJ Inc.
650 _a Chemistry
650 _a Electrical engineering. Electronics. Nuclear engineering
650 _a Materials of engineering and construction. Mechanics of materials | Science
650 _aTechnology
856 _uhttps://doaj.org/toc/83089f0c75b94fd4b4574f3e82983033
942 _2ddc
942 _cDOAJEJ
999 _c66679
_d66679
945 _a1
_bMadushi Gamage
_c1
_dMadushi Gamage